Normal view
MARC view
- Brown, Andrew
Entry Personal Name
001 - CONTROL NUMBER
- control field: 40811
003 - CONTROL NUMBER IDENTIFIER
- control field: OSt
005 - DATE AND TIME OF LATEST TRANSACTION
- control field: 20160823130343.0
008 - FIXED-LENGTH DATA ELEMENTS
- fixed length control field: 160823|| aca||aabn | a|a d
040 ## - CATALOGING SOURCE
- Original cataloging agency: OSt
100 1# - HEADING--PERSONAL NAME
- Personal name: Brown, Andrew
- Fuller form of name: (Andrew K.)